LEADER 01122nam a2200265 u 4500 001 000000107722 003 CaOOAMICUS 005 20071018113342.0 008 071018s2006 it u000 u ita u 020 $a88-10-40273-1 040 $aPUL$bita$dLDB 245 00$aDonne e Bibbia :$bstoria ed esegesi /$ca cura di Adriana Valerio. 260 $aBologna :$bEdizioni Dehoniane,$c2006. 300 $a399 p. ;$c22 cm. 490 1 $aLa Bibbia nella storia ;$v21 500 $aComprende riferimenti bibliografici in nota. 650 14$aDonne nella Bibbia.$0(OLS)http://pul/subject/7708 700 1 $aValerio, Adriana,$d1952-$0(OLS)http://pul/name/31147 830 3$aLa Bibbia nella storia ;$v21.$0(OLS)http://pul/title/21457 850 $aPUL 852 $aPUL$W1$xSL Religione 3$y85$m220. 09 VALAD 1$j122494$qDDC 21$B121475$CPULBib$Z2$F121475 $H105152 $82 941 1 $a9 996 $6020$a88-10-40273-1$9(OLS)http://pul/number/135984 996 $6245$aDonne e Bibbia :$bstoria ed esegesi$9(OLS)http://pul/title/135642 996 $6260$aBologna :$bEdizioni Dehoniane$9(OLS)http://pul/publisher/48070 LEADER 01103nam a2200265 4500 001 000000170808 003 CaOOAMICUS 005 20181128140503.0 008 181128s1979 sp 000 u spa r 032 $aLibriCat 040 $aPUL$bita 100 1 $aPeréz Ramos, Antonio.$0(OLS)http://pul/name/57364 245 13$aEl proceso sumario canonico matrimonial /$cAntonio Pérez Ramos. 260 $aPalma de Mallorca :$b[s.n.],$c1979. 300 $a65 p. ; $c24 cm. 502 $aEstratto da Tesi -- Facultad de Derecho Canonico, 1979. 504 $aBibliografia in nota. 650 04$aMatrimonio.$0(OLS)http://pul/subject/1360 710 2 $aUniversidad Pontificia Comillas.$bFacultad de Derecho Canonico.$kTesi.$0(OLS)http://pul/name/109846 850 $aPUL 852 $aPUL$W1$xDP1 Tesi Varie$y51$mTH VAR 252$j193943$qTesi$B199310$CPULBib$Z2$F199310 $H49408 $81 941 1 $a16 996 $6245$aEl proceso sumario canonico matrimonial$9(OLS)http://pul/title/211641 996 $6260$aPalma de Mallorca :$b[s.n.]$9(OLS)http://pul/publisher/68569